Library Banner

In the trenches : (Record no. 90552)

MARC details
000 -LEADER
fixed length control field 00516nam a22001697a 4500
005 - DATE AND TIME OF LATEST TRANSACTION
control field 20170128113940.0
008 - FIXED-LENGTH DATA ELEMENTS--GENERAL INFORMATION
fixed length control field 170128b xxu||||| |||| 00| 0 eng d
020 ## - INTERNATIONAL STANDARD BOOK NUMBER
International Standard Book Number 9780393918779
040 ## - CATALOGING SOURCE
Transcribing agency PK-LaUMT
082 ## - DEWEY DECIMAL CLASSIFICATION NUMBER
Classification number 301.076
Item number ATK-I
100 ## - MAIN ENTRY--PERSONAL NAME
Personal name Atkinson, Maxine P.
245 ## - TITLE STATEMENT
Title In the trenches :
Remainder of title teaching and learning sociology /
Statement of responsibility, etc Maxine P. Atkinson and Kathleen S. Lowney
260 ## - PUBLICATION, DISTRIBUTION, ETC. (IMPRINT)
Place of publication, distribution, etc New York :
Name of publisher, distributor, etc W. W. Norton & Company,
Date of publication, distribution, etc 2016
300 ## - PHYSICAL DESCRIPTION
Extent 346 p.
650 ## - SUBJECT ADDED ENTRY--TOPICAL TERM
Topical term or geographic name as entry element Sociology-Study and teaching
942 ## - ADDED ENTRY ELEMENTS (KOHA)
Koha item type Books
Holdings
Withdrawn status Lost status Damaged status Home library Current library Date acquired Full call number Barcode Date last seen Price effective from Koha item type
      UMT Main Campus UMT Main Campus 2017-01-28 301.076 ATK-I 104347 2017-01-28 2017-01-28 Books